Pázmány válogatot egyházi beszédei Bevezetéssel és szótárral

Podrobná bibliografia
Hlavný autor: Pázmáň, Peter, 1570-1637 (Autor)
Korporatívny autor: Franklin-Társulat, Magyar irodalmi intézet és könyvnyomda (Budapešť, Maďarsko) (Tlačiar)
Ďalší autori: Bellaagh, Aladár, 1853-1924 (Editor, Autor úvodu atď.)
Médium: Kniha
Jazyk:maďarčina
Fyzický popis:20, 204 s., 8 °
Vydavateľské údaje: Budapest Franklin-Társulat Magyar Irodalmi Intézet És Könyvnyomda 1889
Edícia:Középiskolai olvásmányok tára 17
Predmet:

MARC

LEADER 00000cam a2200000 a 4500
001 vtls001261618
003 SK-MaSNL
005 20260301234517.0
008 251124s1889 hu 0000s hun
035 |a SNK000212486 
040 |a SNK  |b slo  |c SNK  |e AACR2 
041 0 |a hun 
044 |a hu  |c HU 
072 7 |a 808  |x Literárny štýl. Literárna činnosť a technika. Efektívne využívanie jazyka. Spisovateľská činnosť  |2 konspekt 
080 |a 094  |2 2011 
080 |a 808.51  |2 2011 
080 |a 2-72  |2 2011 
100 1 |a Pázmáň, Peter,  |d 1570-1637  |4 aut  |9 89366 
245 1 0 |a Pázmány válogatot egyházi beszédei  |b Bevezetéssel és szótárral  |c Szerkesztéte Bellaagh Aladár Középkolai Tanitó 
260 |a Budapest  |b Franklin-Társulat Magyar Irodalmi Intézet És Könyvnyomda  |c 1889  |e (Franklin-Társulat Nyomdája) 
300 |a 20, 204 s.,  |c 8 ° 
490 0 |a Középiskolai olvásmányok tára 17 
500 |a Kolácia exemplára: XX, 204 s., 8°, 8 x 11,5 cm 
500 |a Informácie o edícii doplnila SNK 
500 |a Signet. 
500 |a Predslov Aladára Bellaagha (A.B.). Slovník. 
561 |a Prov.: Peč.: Štátna vedecká knižnica v Prešove - Eperjesi Kir. Kath. Főgymnasium Ifjusági Könyvtára + rkp. IV.a 81.a. 312  |5 SVKPO: A 25020 
563 |a Väzba: sekundárna, súdobá preväzba, kartón, šedo-hnedo-béžovo-modrý mramor.papier, chrbát - oranžovohnedá koža, rohy - hnedooranžové plátno. Väzbu vyhotovil Thinschmidt Tivadar ... Eperjesen.  |5 SVKPO: A 25020 
650 0 7 |a cirkev  |2 SNKPH  |9 1922 
650 0 7 |a staré tlače  |2 SNKPH  |9 51683 
650 0 7 |a prejavy  |2 SNKPH  |9 30062 
700 1 |a Bellaagh, Aladár,  |d 1853-1924  |4 edt  |4 aui  |9 630635 
710 2 |a Franklin-Társulat, Magyar irodalmi intézet és könyvnyomda (Budapešť, Maďarsko),  |d 1873-1950  |4 pbl  |4 prt  |9 151052 
852 |a SVKPO  |c Historické fondy  |p A 25020 
958 |a ONDV 
958 |a RK 
958 |a DF 
999 |c 970324  |d 972254 
952 |t P60, <04>, [BOOK], {604}  |a SNK  |b SNK  |y VYP  |7 0  |p 17A0424009  |o snkID 76682  |i snkF 1383/82  |0 0  |1 0  |4 0  |d 1996-09-16  |l 0  |r 2005-01-01 00:00:00  |w 2026-02-24